[Event "Titled Tuesday intern op 28th Dec"]
[Site "Chess.com INT"]
[Date "2021.12.28"]
[Round "4"]
[White "Taboas Rodriguez, Daniel"]
[Black "Mestnikov, Aisen"]
[Result "0-1"]
[WhiteElo "2367"]
[BlackElo "2096"]
[PlyCount "100"]
[EventDate "2021.12.28"]
[EventType "swiss (blitz)"]
[EventRounds "11"]
[EventCountry "USA"]
[SourceTitle "CBM 206 Extra"]
[Source "ChessBase"]
[SourceDate "2022.03.31"]
[SourceVersion "1"]
[SourceVersionDate "2022.03.31"]
[SourceQuality "1"]

1. d4 d5 2. Nf3 Nf6 3. c4 c5 4. e3 e6 5. Nc3 Nc6 6. cxd5 Nxd5 7. Bd3 cxd4 8. exd4 Be7 9. O-O h6 10. Re1 Bf6 11. Nxd5 Qxd5 12. Be4 Qd6 13. d5 Ne7 14. dxe6 Qxd1 15. exf7+ Kxf7 16. Rxd1 Bg4 17. h3 Bf5 18. Bxb7 Rab8 19. Ba6 Rhd8 20. Bc4+ Kg6 21. Rxd8 Rxd8 22. Bb3 Nc6 23. g4 Be4 24. Nd2 Bd3 25. a4 Nd4 26. Bd1 Be2 27. Bb3 Nxb3 28. Nxb3 Rd1+ 29. Kg2 Bc4 30. Nd2 Bd5+ 31. f3 Bxb2 32. Rb1 Bxc1 33. Ne4 Bxe4 34. fxe4 Rd2+ 35. Kf3 Rd3+ 36. Ke2 Rc3 37. h4 Bf4 38. Rb7 Re3+ 39. Kf2 Rxe4 40. Rxa7 Be3+ 41. Kf3 Bxa7 42. Kxe4 Bf2 43. h5+ Kg5 44. Kf3 Ba7 45. a5 Bb8 46. a6 Kh4 47. Ke4 Kxg4 48. Kd5 Ba7 49. Kc6 Be3 50. a7 Bxa7 0-1

[Event "Titled Tuesday intern op 28th Dec"]
[Site "Chess.com INT"]
[Date "2021.12.28"]
[Round "4"]
[White "Taher, Yoseph Theolifus"]
[Black "Andreikin, Dmitry"]
[Result "0-1"]
[WhiteElo "2455"]
[BlackElo "2724"]
[PlyCount "78"]
[EventDate "2021.12.28"]
[EventType "swiss (blitz)"]
[EventRounds "11"]
[EventCountry "USA"]
[SourceTitle "CBM 206 Extra"]
[Source "ChessBase"]
[SourceDate "2022.03.31"]
[SourceVersion "1"]
[SourceVersionDate "2022.03.31"]
[SourceQuality "1"]

1. Nf3 Nf6 2. g3 b6 3. Bg2 Bb7 4. O-O g6 5. b3 Bg7 6. Bb2 O-O 7. c4 c5 8. d4 cxd4 9. Nxd4 Bxg2 10. Kxg2 d5 11. cxd5 Qxd5+ 12. Nf3 Nc6 13. Nc3 Qh5 14. Qd2 Rfd8 15. Qf4 e5 16. Qa4 Nd4 17. Rad1 h6 18. h3 Qf5 19. Nxd4 exd4 20. Rxd4 Qc2 21. Ba1 Rxd4 22. Qxd4 Re8 23. Qd3 Qxd3 24. exd3 Nd7 25. Nd5 Re2 26. a4 Nc5 27. Nf4 Rd2 28. Bxg7 Kxg7 29. b4 Nxa4 30. Ra1 b5 31. Rc1 Nb2 32. Rc7 Nd1 33. Rxa7 Nxf2 34. Kf3 Nd1 35. Rb7 g5 36. Ne6+ Kg6 37. Nd4 Rxd3+ 38. Ke4 Rxg3 39. Rxb5 Nc3+ 0-1

[Event "Titled Tuesday intern op 28th Dec"]
[Site "Chess.com INT"]
[Date "2021.12.28"]
[Round "4"]
[White "Tokman, Ariel"]
[Black "Safarli, Eltaj"]
[Result "0-1"]
[WhiteElo "2314"]
[BlackElo "2579"]
[PlyCount "102"]
[EventDate "2021.12.28"]
[EventType "swiss (blitz)"]
[EventRounds "11"]
[EventCountry "USA"]
[SourceTitle "CBM 206 Extra"]
[Source "ChessBase"]
[SourceDate "2022.03.31"]
[SourceVersion "1"]
[SourceVersionDate "2022.03.31"]
[SourceQuality "1"]

1. Nf3 Nf6 2. g3 g6 3. Bg2 Bg7 4. O-O O-O 5. c4 c6 6. d4 d5 7. Nbd2 a5 8. b3 a4 9. Bb2 Bf5 10. Nh4 Be6 11. Qc2 Na6 12. Bc3 axb3 13. axb3 Rc8 14. c5 Qd7 15. Nhf3 Bh3 16. Ne5 Qe6 17. b4 Bxg2 18. Kxg2 Ng4 19. Nxg4 Qxg4 20. Qd3 Nc7 21. Nf3 Nb5 22. Bb2 Rce8 23. h3 Qd7 24. Rfe1 f6 25. e4 dxe4 26. Rxe4 Qd5 27. Rae1 e5 28. Kg1 Re6 29. Qe2 f5 30. Rxe5 Rxe5 31. dxe5 Re8 32. h4 Qb3 33. Ng5 h6 34. Nf3 Qxb4 35. Rd1 Qe4 36. Qxe4 fxe4 37. Nd2 Bxe5 38. Bxe5 Rxe5 39. Re1 Nc3 40. Nc4 Rxc5 41. Nd6 b5 42. Nxe4 Nxe4 43. Rxe4 Rc1+ 44. Kg2 c5 45. Re6 Kf7 46. Rb6 b4 47. Rb7+ Ke6 48. Rb6+ Kd5 49. Rxg6 b3 50. Rxh6 b2 51. Rb6 b1=Q 0-1

[Event "Titled Tuesday intern op 28th Dec"]
[Site "Chess.com INT"]
[Date "2021.12.28"]
[Round "4"]
[White "Urazayev, Arystanbek"]
[Black "Kezin, Roman"]
[Result "1-0"]
[WhiteElo "2437"]
[BlackElo "2494"]
[PlyCount "71"]
[EventDate "2021.12.28"]
[EventType "swiss (blitz)"]
[EventRounds "11"]
[EventCountry "USA"]
[SourceTitle "CBM 206 Extra"]
[Source "ChessBase"]
[SourceDate "2022.03.31"]
[SourceVersion "1"]
[SourceVersionDate "2022.03.31"]
[SourceQuality "1"]

1. Nf3 d5 2. e3 Nf6 3. c4 e6 4. b3 c5 5. cxd5 exd5 6. Bb5+ Nc6 7. Bb2 Bg4 8. h3 Bh5 9. O-O Bd6 10. Be2 O-O 11. d4 Re8 12. dxc5 Bxc5 13. Nc3 a6 14. Na4 Ba7 15. Rc1 Ne4 16. Nd4 Bxe2 17. Nxe2 Qg5 18. Nd4 Bxd4 19. Bxd4 Re6 20. f4 Qh4 21. f5 Rd6 22. Rf4 Qh6 23. Bb2 Re8 24. Qf3 Nf6 25. Nc5 Re7 26. Nd3 Qg5 27. Ba3 Rdd7 28. Bxe7 Rxe7 29. Nf2 h5 30. h4 Qh6 31. Qg3 Ne5 32. Rc8+ Kh7 33. Qg5 Neg4 34. Nxg4 Nxg4 35. Qxe7 Qb6 36. Qe8 1-0

[Event "Titled Tuesday intern op 28th Dec"]
[Site "Chess.com INT"]
[Date "2021.12.28"]
[Round "4"]
[White "Vera Gonzalez Quevedo, Reynaldo"]
[Black "Postnikov, Daniil"]
[Result "0-1"]
[WhiteElo "2443"]
[BlackElo "2360"]
[PlyCount "66"]
[EventDate "2021.12.28"]
[EventType "swiss (blitz)"]
[EventRounds "11"]
[EventCountry "USA"]
[SourceTitle "CBM 206 Extra"]
[Source "ChessBase"]
[SourceDate "2022.03.31"]
[SourceVersion "1"]
[SourceVersionDate "2022.03.31"]
[SourceQuality "1"]

1. d4 Nf6 2. c4 c5 3. d5 b5 4. cxb5 a6 5. b6 d6 6. Nc3 Nbd7 7. Nf3 Rb8 8. e4 g6 9. Nd2 Nxb6 10. a4 Bg7 11. a5 Na8 12. Be2 Nc7 13. O-O O-O 14. Re1 Nb5 15. Bf1 Nd4 16. Ra3 Nd7 17. Nc4 Nb5 18. Rb3 Ne5 19. Bf4 Nxc4 20. Bxc4 Qxa5 21. e5 Nxc3 22. bxc3 Rxb3 23. Qxb3 dxe5 24. Bxe5 Bxe5 25. Rxe5 Qa1+ 26. Bf1 Bf5 27. Qc4 Bd7 28. Qxc5 Rc8 29. Qe3 Bb5 30. c4 Bxc4 31. Qe1 Qd4 32. Rxe7 Bxf1 33. Kxf1 Qd3+ 0-1

[Event "Titled Tuesday intern op 28th Dec"]
[Site "Chess.com INT"]
[Date "2021.12.28"]
[Round "4"]
[White "Vlassov, Nikolai"]
[Black "Visakh, Narayanan Rajeswari"]
[Result "1-0"]
[WhiteElo "2294"]
[BlackElo "2515"]
[PlyCount "65"]
[EventDate "2021.12.28"]
[EventType "swiss (blitz)"]
[EventRounds "11"]
[EventCountry "USA"]
[SourceTitle "CBM 206 Extra"]
[Source "ChessBase"]
[SourceDate "2022.03.31"]
[SourceVersion "1"]
[SourceVersionDate "2022.03.31"]
[SourceQuality "1"]

1. e4 c6 2. d4 d5 3. e5 Bf5 4. Nc3 e6 5. g4 Bg6 6. Nge2 c5 7. Be3 Nc6 8. dxc5 h5 9. Nf4 d4 10. Nxg6 fxg6 11. Qd3 Nge7 12. Ne4 Nxe5 13. Qb5+ Qd7 14. Nd6+ Kd8 15. Nxb7+ Kc7 16. Bf4 Qxb5 17. Bxb5 N7c6 18. Bxc6 Kxc6 19. Bxe5 Kxb7 20. Bxd4 hxg4 21. O-O-O Rh5 22. b4 a5 23. a3 Be7 24. Rhe1 axb4 25. axb4 Ra4 26. c3 Ra1+ 27. Kc2 Rxd1 28. Kxd1 Rxh2 29. Rxe6 Bh4 30. c6+ Ka6 31. c7+ Kb7 32. Be5 g3 33. Re8 1-0

[Event "Titled Tuesday intern op 28th Dec"]
[Site "Chess.com INT"]
[Date "2021.12.28"]
[Round "4"]
[White "Walentukiewicz, Michal"]
[Black "Moskvin, Anatoly"]
[Result "1-0"]
[WhiteElo "2094"]
[BlackElo "2170"]
[PlyCount "59"]
[EventDate "2021.12.28"]
[EventType "swiss (blitz)"]
[EventRounds "11"]
[EventCountry "USA"]
[SourceTitle "CBM 206 Extra"]
[Source "ChessBase"]
[SourceDate "2022.03.31"]
[SourceVersion "1"]
[SourceVersionDate "2022.03.31"]
[SourceQuality "1"]

1. e4 e5 2. Nf3 Nc6 3. Bb5 Nge7 4. d4 exd4 5. Nxd4 a6 6. Be2 Nxd4 7. Qxd4 Nc6 8. Qd3 Bc5 9. Nc3 d6 10. Be3 Nb4 11. Qd2 Bxe3 12. fxe3 Nc6 13. Nd5 Be6 14. O-O O-O 15. c4 Ne5 16. Rac1 a5 17. Rfd1 b6 18. a3 a4 19. h3 Nd7 20. Nf4 Nc5 21. Qc2 Qg5 22. Rf1 Rae8 23. Kh1 Bc8 24. Bd3 Bb7 25. Nd5 Bxd5 26. exd5 Nxd3 27. Qxd3 Rxe3 28. Qd1 Rfe8 29. Qxa4 h5 30. Rc2 1-0

[Event "Titled Tuesday intern op 28th Dec"]
[Site "Chess.com INT"]
[Date "2021.12.28"]
[Round "4"]
[White "Winkels, Marcel"]
[Black "Grineva, Marianna"]
[Result "0-1"]
[WhiteElo "1979"]
[BlackElo "1973"]
[PlyCount "82"]
[EventDate "2021.12.28"]
[EventType "swiss (blitz)"]
[EventRounds "11"]
[EventCountry "USA"]
[SourceTitle "CBM 206 Extra"]
[Source "ChessBase"]
[SourceDate "2022.03.31"]
[SourceVersion "1"]
[SourceVersionDate "2022.03.31"]
[SourceQuality "1"]

1. e4 c5 2. Nf3 d6 3. d4 cxd4 4. Nxd4 Nf6 5. Nc3 g6 6. Bc4 Bg7 7. f3 Nc6 8. Be3 O-O 9. Qd2 Ne5 10. Bb3 Bd7 11. O-O-O Qa5 12. h4 Rfc8 13. h5 Nxh5 14. Nd5 Qxd2+ 15. Rxd2 Kf8 16. g4 Nf6 17. Nxf6 Bxf6 18. Rxh7 e6 19. g5 Bg7 20. Kb1 a5 21. c3 a4 22. Bc2 a3 23. Rdh2 axb2 24. Bd2 Nc4 25. Be1 Ra6 26. f4 Rb6 27. Bb3 Ne3 28. Kxb2 Nd1+ 29. Kc2 Bxd4 30. Kxd1 Bxc3 31. Bxc3 Rxc3 32. Rh8+ Ke7 33. f5 exf5 34. exf5 Bxf5 35. Re2+ Kd7 36. Ree8 Bg4+ 37. Kd2 Rc5 38. Rd8+ Kc7 39. Rhf8 Rxb3 40. axb3 Be6 41. Ra8 Rxg5 0-1

[Event "Titled Tuesday intern op 28th Dec"]
[Site "Chess.com INT"]
[Date "2021.12.28"]
[Round "4"]
[White "Xiong, Jeffery"]
[Black "Hardaway, Brewington"]
[Result "1/2-1/2"]
[WhiteElo "2686"]
[BlackElo "2207"]
[PlyCount "127"]
[EventDate "2021.12.28"]
[EventType "swiss (blitz)"]
[EventRounds "11"]
[EventCountry "USA"]
[SourceTitle "CBM 206 Extra"]
[Source "ChessBase"]
[SourceDate "2022.03.31"]
[SourceVersion "1"]
[SourceVersionDate "2022.03.31"]
[SourceQuality "1"]

1. d4 Nf6 2. c4 e6 3. Nc3 d5 4. Bg5 Be7 5. e3 c6 6. Nf3 Nbd7 7. Qc2 h6 8. Bh4 O-O 9. Rd1 b6 10. Bd3 dxc4 11. Bxc4 Nd5 12. Bg3 Bb7 13. O-O N7f6 14. Ne5 Nxc3 15. bxc3 Qc8 16. f4 c5 17. Bh4 cxd4 18. cxd4 b5 19. Bb3 Qxc2 20. Bxc2 Rfc8 21. Bb3 Bd5 22. Bxf6 Bxf6 23. Bxd5 exd5 24. Nd3 Rc3 25. Kf2 Rc2+ 26. Kf3 Be7 27. Rb1 a6 28. Rf2 Rac8 29. Rb2 R2c3 30. Rfd2 Ra3 31. f5 Rcc3 32. Nf4 Rxe3+ 33. Kf2 Bh4+ 34. g3 Rf3+ 35. Kg2 Bg5 36. Rf2 Rxf2+ 37. Kxf2 Bxf4 38. gxf4 Kf8 39. Rc2 Ke7 40. Rc5 Rxa2+ 41. Ke3 Ra3+ 42. Ke2 Kd6 43. Rc8 Ra2+ 44. Ke3 Rxh2 45. Rd8+ Kc6 46. Rf8 Rh3+ 47. Ke2 f6 48. Ra8 Kb6 49. Rd8 b4 50. Rxd5 a5 51. Rd8 a4 52. Rb8+ Ka5 53. d5 Rh2+ 54. Ke3 Rh3+ 55. Kd4 Rh1 56. d6 Rd1+ 57. Kc5 Rc1+ 58. Kd5 Rd1+ 59. Kc6 b3 60. Rb5+ Ka6 61. Rb6+ Ka5 62. Rb5+ Ka6 63. Rb6+ Ka5 64. Rb5+ 1/2-1/2

[Event "Titled Tuesday intern op 28th Dec"]
[Site "Chess.com INT"]
[Date "2021.12.28"]
[Round "4"]
[White "Yuan, Qingyu"]
[Black "Ruiz Aguilar, Pablo Alexander"]
[Result "1/2-1/2"]
[WhiteElo "2373"]
[BlackElo "2171"]
[PlyCount "151"]
[EventDate "2021.12.28"]
[EventType "swiss (blitz)"]
[EventRounds "11"]
[EventCountry "USA"]
[SourceTitle "CBM 206 Extra"]
[Source "ChessBase"]
[SourceDate "2022.03.31"]
[SourceVersion "1"]
[SourceVersionDate "2022.03.31"]
[SourceQuality "1"]

1. Nf3 Nf6 2. g3 g6 3. Bg2 Bg7 4. O-O O-O 5. d4 d5 6. b3 c6 7. c4 a5 8. Nc3 Re8 9. Bb2 Nbd7 10. cxd5 Nxd5 11. Qd2 N7f6 12. Ne5 Nxc3 13. Bxc3 a4 14. Rfd1 Bf5 15. f3 Nd5 16. Bb2 a3 17. Bc1 Bxe5 18. dxe5 Nc3 19. Qxd8 Rexd8 20. Rxd8+ Rxd8 21. Bxa3 Nxe2+ 22. Kf1 Bd3 23. Kf2 e6 24. Bb2 Ba6 25. Ke1 Nd4 26. Rc1 Rd5 27. f4 Rd7 28. Be4 Nf5 29. Rc2 h5 30. Kf2 Kf8 31. Ba3+ Ke8 32. Bc5 Bd3 33. Bxd3 Rxd3 34. Ke2 Rd5 35. a4 Nd4+ 36. Bxd4 Rxd4 37. Rd2 Rd5 38. Ke3 Kd7 39. Rc2 Kc7 40. h3 Rd1 41. g4 Rh1 42. gxh5 Rxh3+ 43. Ke4 gxh5 44. Rb2 h4 45. b4 Ra3 46. a5 h3 47. f5 exf5+ 48. Kxf5 Rf3+ 49. Kg4 Rc3 50. Kf4 Kb8 51. Kf5 Rf3+ 52. Ke4 Rg3 53. Rh2 Rb3 54. Kf5 Ka7 55. Kf6 Rf3+ 56. Ke7 Ka6 57. Rc2 Rg3 58. Rh2 Re3 59. Kxf7 Rxe5 60. Rxh3 Kb5 61. Rh4 c5 62. bxc5 Rxc5 63. Ke6 Kxa5 64. Kd6 b6 65. Rg4 Kb5 66. Rh4 Rc4 67. Rh1 Rb4 68. Kd5 Ka4 69. Ra1+ Kb5 70. Ra2 Rb3 71. Kd4 Rb4+ 72. Kc3 Rc4+ 73. Kb3 Rb4+ 74. Kc3 Rc4+ 75. Kb3 Rb4+ 76. Kc3 1/2-1/2

[Event "Titled Tuesday intern op 28th Dec"]
[Site "Chess.com INT"]
[Date "2021.12.28"]
[Round "4"]
[White "Zherebtsova, Alexandra"]
[Black "Navalgund, Niranjan"]
[Result "0-1"]
[WhiteElo "2182"]
[BlackElo "2289"]
[PlyCount "66"]
[EventDate "2021.12.28"]
[EventType "swiss (blitz)"]
[EventRounds "11"]
[EventCountry "USA"]
[SourceTitle "CBM 206 Extra"]
[Source "ChessBase"]
[SourceDate "2022.03.31"]
[SourceVersion "1"]
[SourceVersionDate "2022.03.31"]
[SourceQuality "1"]

1. d4 Nf6 2. Nf3 Ne4 3. g3 h5 4. Bg2 e6 5. c3 h4 6. Nxh4 Rxh4 7. gxh4 Qxh4 8. Be3 g6 9. Nd2 Bh6 10. Nf3 Qh5 11. Bxh6 Qxh6 12. Nd2 Nf6 13. Qc2 Nc6 14. O-O-O b6 15. Bf3 Bb7 16. Kb1 O-O-O 17. Nc4 Kb8 18. Rdg1 d6 19. Ne3 Qf4 20. Qa4 d5 21. Qc2 a5 22. Ka1 Ba6 23. Ng4 Ne4 24. Bxe4 dxe4 25. e3 Qf5 26. Qd2 a4 27. h4 Na5 28. Qd1 Bb5 29. Rh3 Kb7 30. f3 Bc6 31. fxe4 Bxe4 32. Rhg3 Ra8 33. Ne5 Nb3+ 0-1

[Event "Titled Tuesday intern op 28th Dec"]
[Site "Chess.com INT"]
[Date "2021.12.28"]
[Round "4"]
[White "Zhou, Qiyu"]
[Black "Estrada Nieto, Julian"]
[Result "1-0"]
[WhiteElo "2218"]
[BlackElo "2253"]
[PlyCount "121"]
[EventDate "2021.12.28"]
[EventType "swiss (blitz)"]
[EventRounds "11"]
[EventCountry "USA"]
[SourceTitle "CBM 206 Extra"]
[Source "ChessBase"]
[SourceDate "2022.03.31"]
[SourceVersion "1"]
[SourceVersionDate "2022.03.31"]
[SourceQuality "1"]

1. e4 e5 2. Nf3 Nc6 3. Bb5 a6 4. Ba4 Nf6 5. O-O Be7 6. Re1 b5 7. Bb3 d6 8. c3 O-O 9. h3 Bb7 10. d4 Re8 11. Nbd2 Bf8 12. Bc2 g6 13. a3 Bg7 14. Nf1 Nb8 15. Ng3 Nbd7 16. b3 d5 17. dxe5 Nxe5 18. Nxe5 Rxe5 19. f4 Rxe4 20. Nxe4 Nxe4 21. Bxe4 dxe4 22. Bb2 Qf6 23. Rf1 Rd8 24. Qe2 Rd3 25. Rad1 Qd6 26. Rxd3 exd3 27. Qd2 f5 28. c4 Bxb2 29. Qxb2 Be4 30. Qe5 Qxe5 31. fxe5 bxc4 32. bxc4 Kf7 33. Kf2 Ke6 34. Ke3 Kxe5 35. Rb1 f4+ 36. Kd2 Bxg2 37. Rb8 Bxh3 38. Kxd3 Bf5+ 39. Ke2 Kd4 40. Rb7 c5 41. Ra7 Kxc4 42. Rxa6 g5 43. Rf6 Be4 44. Re6 Kd4 45. a4 g4 46. a5 f3+ 47. Kf2 Bd5 48. Rd6 Ke5 49. Rd8 Bc6 50. a6 c4 51. a7 c3 52. Rc8 Bd5 53. Rxc3 h5 54. Rc5 Kd6 55. Rxd5+ Kxd5 56. a8=Q+ Kd4 57. Qh8+ Ke4 58. Qxh5 Kf4 59. Qf7+ Kg5 60. Kg3 f2 61. Qxf2 1-0

[Event "Titled Tuesday intern op 28th Dec"]
[Site "Chess.com INT"]
[Date "2021.12.28"]
[Round "4"]
[White "Zong, Davis Jr"]
[Black "Magallanes, Rey Jomar"]
[Result "1-0"]
[WhiteElo "2141"]
[BlackElo "2044"]
[PlyCount "75"]
[EventDate "2021.12.28"]
[EventType "swiss (blitz)"]
[EventRounds "11"]
[EventCountry "USA"]
[SourceTitle "CBM 206 Extra"]
[Source "ChessBase"]
[SourceDate "2022.03.31"]
[SourceVersion "1"]
[SourceVersionDate "2022.03.31"]
[SourceQuality "1"]

1. e4 e5 2. Nf3 Nc6 3. Bb5 a6 4. Ba4 Nf6 5. O-O Be7 6. Re1 b5 7. Bb3 O-O 8. c3 d6 9. h3 Bb7 10. d4 Re8 11. d5 Na5 12. Bc2 c6 13. dxc6 Bxc6 14. Nbd2 Rc8 15. Nf1 Bf8 16. Ng3 Qc7 17. Bg5 Nd7 18. a4 h6 19. Bc1 Nf6 20. Nf5 d5 21. axb5 axb5 22. exd5 Bxd5 23. Qe2 Nc4 24. Nh2 e4 25. Ng4 Nxg4 26. Qxg4 Ne5 27. Nxh6+ Kh8 28. Qh5 gxh6 29. Bxh6 Bxh6 30. Qxh6+ Kg8 31. Bxe4 Ng6 32. Bxg6 fxg6 33. Qxg6+ Kf8 34. Qf5+ Bf7 35. Qxb5 Qf4 36. Rxe8+ Rxe8 37. Qd3 Be6 38. Qg3 1-0

[Event "Titled Tuesday intern op 28th Dec"]
[Site "Chess.com INT"]
[Date "2021.12.28"]
[Round "5"]
[White "Altman, Joshua"]
[Black "Kamsky, Gata"]
[Result "1/2-1/2"]
[WhiteElo "2095"]
[BlackElo "2657"]
[PlyCount "149"]
[EventDate "2021.12.28"]
[EventType "swiss (blitz)"]
[EventRounds "11"]
[EventCountry "USA"]
[SourceTitle "CBM 206 Extra"]
[Source "ChessBase"]
[SourceDate "2022.03.31"]
[SourceVersion "1"]
[SourceVersionDate "2022.03.31"]
[SourceQuality "1"]

1. d4 Nf6 2. c4 e6 3. Nf3 b6 4. g3 a5 5. Bg2 Ba6 6. Qc2 c6 7. O-O d5 8. Ne5 Bd6 9. Bf4 O-O 10. Nd2 Nh5 11. Rac1 Nxf4 12. gxf4 Ra7 13. e3 b5 14. cxd5 cxd5 15. Nb3 b4 16. Rfd1 Qb6 17. Nc5 Rc7 18. Qd2 Bxc5 19. dxc5 Rxc5 20. Rxc5 Qxc5 21. Rc1 Qb6 22. Qc2 f6 23. Nf3 Rc8 24. Qd2 Rxc1+ 25. Qxc1 Nc6 26. Bh3 f5 27. Ng5 Bc8 28. Qd1 g6 29. e4 Qd4 30. Qc2 Qc4 31. Qd2 Nd4 32. exd5 Qxd5 33. Bg2 Qc4 34. Bf1 Qc5 35. Qe3 h6 36. Nf3 Nxf3+ 37. Qxf3 Qd5 38. Qe3 Bb7 39. f3 Kf7 40. Kf2 Qxa2 41. Qa7 Qd5 42. Be2 Kf6 43. Qb8 Ke7 44. Qc7+ Qd7 45. Qc5+ Kf7 46. Qxa5 Qd4+ 47. Kg2 Bc6 48. Qc7+ Qd7 49. Qe5 Qd8 50. Bc4 Bd5 51. Bxd5 Qxd5 52. Qc7+ Ke8 53. Qc8+ Ke7 54. Qc7+ Qd7 55. Qc5+ Qd6 56. Qa7+ Kf6 57. Qa8 Kf7 58. Qb7+ Qe7 59. Qb8 Kg7 60. Qe5+ Kh7 61. Qb8 g5 62. fxg5 hxg5 63. Qb5 Kg6 64. Qe5 Qd7 65. Qh8 Qg7 66. Qe8+ Kf6 67. Qd8+ Ke5 68. Qb8+ Kd5 69. Qb5+ Kd4 70. Qxb4+ Kd5 71. Qb5+ Kd6 72. Qb6+ Kd5 73. Qb5+ Kd6 74. Qb6+ Kd5 75. Qb5+ 1/2-1/2

[Event "Titled Tuesday intern op 28th Dec"]
[Site "Chess.com INT"]
[Date "2021.12.28"]
[Round "5"]
[White "Andreikin, Dmitry"]
[Black "Drygalov, Andrey"]
[Result "1-0"]
[WhiteElo "2724"]
[BlackElo "2508"]
[PlyCount "87"]
[EventDate "2021.12.28"]
[EventType "swiss (blitz)"]
[EventRounds "11"]
[EventCountry "USA"]
[SourceTitle "CBM 206 Extra"]
[Source "ChessBase"]
[SourceDate "2022.03.31"]
[SourceVersion "1"]
[SourceVersionDate "2022.03.31"]
[SourceQuality "1"]

1. d4 Nf6 2. c4 e6 3. Nf3 d5 4. g3 Bb4+ 5. Nbd2 Be7 6. Bg2 O-O 7. O-O Nbd7 8. b3 c6 9. Bb2 b6 10. Qc2 Bb7 11. e4 c5 12. exd5 exd5 13. Rfe1 dxc4 14. Nxc4 cxd4 15. Nxd4 Bxg2 16. Kxg2 Bc5 17. Rad1 Bxd4 18. Rxd4 Qc7 19. Qf5 Rfe8 20. Red1 Nc5 21. Nd6 Re6 22. Qf3 Rf8 23. Nf5 Qb7 24. Qxb7 Nxb7 25. g4 h6 26. h4 Rfe8 27. g5 hxg5 28. hxg5 Ne4 29. Nxg7 Kxg7 30. Rxe4+ Kg6 31. Rxe6+ Rxe6 32. Rd7 Nc5 33. Rxa7 Kxg5 34. Rxf7 Re2 35. Bc1+ Kg6 36. Ra7 b5 37. Be3 Nd3 38. Kf3 Rc2 39. Ke4 Nxf2+ 40. Bxf2 Rxf2 41. Kd3 Kf6 42. Kc3 Rf4 43. Rb7 Rf2 44. a3 1-0

[Event "Titled Tuesday intern op 28th Dec"]
[Site "Chess.com INT"]
[Date "2021.12.28"]
[Round "5"]
[White "Aradhya, Garg"]
[Black "Rangel, Daniel"]
[Result "1-0"]
[WhiteElo "2236"]
[BlackElo "2196"]
[PlyCount "129"]
[EventDate "2021.12.28"]
[EventType "swiss (blitz)"]
[EventRounds "11"]
[EventCountry "USA"]
[SourceTitle "CBM 206 Extra"]
[Source "ChessBase"]
[SourceDate "2022.03.31"]
[SourceVersion "1"]
[SourceVersionDate "2022.03.31"]
[SourceQuality "1"]

1. d4 Nf6 2. c4 g6 3. g3 Bg7 4. Bg2 O-O 5. Nc3 d6 6. Nf3 c6 7. O-O Bf5 8. b3 Ne4 9. Bb2 Nxc3 10. Bxc3 Be4 11. Rc1 d5 12. Bh3 Bxf3 13. exf3 e6 14. Re1 Nd7 15. f4 a5 16. Qd2 b5 17. cxd5 cxd5 18. Bb2 Qb6 19. Rc2 Rfc8 20. Rec1 Rxc2 21. Rxc2 Bf6 22. Bf1 Kg7 23. a4 bxa4 24. bxa4 Qb4 25. Bb5 Qxd2 26. Rxd2 Nb6 27. Rc2 Rc8 28. Rxc8 Nxc8 29. Bc3 Bd8 30. Kf1 Bb6 31. Ke2 Nd6 32. Kd3 Ne4 33. Be1 Nd6 34. f3 h5 35. g4 Kf8 36. gxh5 gxh5 37. Ba6 Nf5 38. Bc3 Nh4 39. Ke2 Ng2 40. f5 exf5 41. Bc8 f4 42. Bb7 Nh4 43. Bxd5 Nf5 44. Kd3 Nd6 45. Bb3 Ke7 46. Bd2 Nf5 47. d5 Be3 48. Bxa5 Nd6 49. Bb4 f5 50. a5 Kd7 51. Bd2 Ba7 52. Bxf4 Nb7 53. Bd2 Nc5+ 54. Kc4 Nxb3 55. Kxb3 Kd6 56. Kc4 h4 57. Bf4+ Kd7 58. a6 h3 59. Be5 Bg1 60. Bd4 Bxh2 61. a7 Bc7 62. a8=Q h2 63. Qc6+ Kc8 64. Qh6 h1=Q 65. Qxh1 1-0

[Event "Titled Tuesday intern op 28th Dec"]
[Site "Chess.com INT"]
[Date "2021.12.28"]
[Round "5"]
[White "Bashylina, Luisa"]
[Black "Adewumi, Tanitoluwa"]
[Result "1-0"]
[WhiteElo "1891"]
[BlackElo "2136"]
[PlyCount "91"]
[EventDate "2021.12.28"]
[EventType "swiss (blitz)"]
[EventRounds "11"]
[EventCountry "USA"]
[SourceTitle "CBM 206 Extra"]
[Source "ChessBase"]
[SourceDate "2022.03.31"]
[SourceVersion "1"]
[SourceVersionDate "2022.03.31"]
[SourceQuality "1"]

1. d4 Nf6 2. c4 e6 3. Nc3 d5 4. cxd5 exd5 5. Bg5 c6 6. e3 Be7 7. Bd3 h6 8. Bh4 O-O 9. Qc2 Re8 10. Nge2 Ne4 11. Bxe7 Qxe7 12. Bxe4 dxe4 13. O-O Nd7 14. Ng3 Nf6 15. Rac1 Bg4 16. h3 Bd7 17. a3 Rac8 18. b4 b6 19. Rfd1 c5 20. bxc5 bxc5 21. d5 Qe5 22. Rb1 h5 23. Rb7 h4 24. Nge2 Qg5 25. Nf4 Bf5 26. d6 Rcd8 27. Rxa7 Nh5 28. Nce2 Nxf4 29. Nxf4 Qh6 30. Qxc5 Qf6 31. Qc7 g5 32. Ne2 Rd7 33. Qb6 Qe5 34. Rxd7 Bxd7 35. Qc7 Be6 36. Qb7 Qf5 37. Nd4 Qe5 38. Nxe6 Qxe6 39. d7 Rd8 40. Qc7 Qe7 41. Qc8 Kg7 42. a4 Qf6 43. a5 Qe7 44. a6 Qf6 45. a7 Rxc8 46. dxc8=Q 1-0

[Event "Titled Tuesday intern op 28th Dec"]
[Site "Chess.com INT"]
[Date "2021.12.28"]
[Round "5"]
[White "Berezin, Viktor1"]
[Black "Aldokhin, Ivan"]
[Result "1-0"]
[WhiteElo "2307"]
[BlackElo "2413"]
[PlyCount "65"]
[EventDate "2021.12.28"]
[EventType "swiss (blitz)"]
[EventRounds "11"]
[EventCountry "USA"]
[SourceTitle "CBM 206 Extra"]
[Source "ChessBase"]
[SourceDate "2022.03.31"]
[SourceVersion "1"]
[SourceVersionDate "2022.03.31"]
[SourceQuality "1"]

1. d4 Nf6 2. Nf3 g6 3. g3 Bg7 4. Bg2 O-O 5. O-O d6 6. a4 Nc6 7. Nc3 e5 8. e4 exd4 9. Nxd4 Nxd4 10. Qxd4 Re8 11. Qd3 Be6 12. Bg5 h6 13. Bf4 Nd7 14. Rad1 Ne5 15. Qd2 g5 16. Be3 Nc4 17. Qc1 Bg4 18. f3 Nxe3 19. Qxe3 Bd7 20. Kh1 Bc6 21. Qd3 Re5 22. b4 a5 23. b5 Bd7 24. f4 Rc5 25. e5 Bg4 26. Bf3 Qc8 27. Ne4 Bf5 28. exd6 cxd6 29. Qxd6 Rxc2 30. Nf6+ Bxf6 31. Qxf6 Be4 32. Bxe4 Qh3 33. Bxc2 1-0

[Event "Titled Tuesday intern op 28th Dec"]
[Site "Chess.com INT"]
[Date "2021.12.28"]
[Round "5"]
[White "Bongo Akanga Ndjila, Barthelemy"]
[Black "Polaczek, Richard"]
[Result "1-0"]
[WhiteElo "1803"]
[BlackElo "2360"]
[PlyCount "51"]
[EventDate "2021.12.28"]
[EventType "swiss (blitz)"]
[EventRounds "11"]
[EventCountry "USA"]
[SourceTitle "CBM 206 Extra"]
[Source "ChessBase"]
[SourceDate "2022.03.31"]
[SourceVersion "1"]
[SourceVersionDate "2022.03.31"]
[SourceQuality "1"]

1. d4 Nf6 2. c4 e6 3. Nc3 Bb4 4. f3 d5 5. a3 Bxc3+ 6. bxc3 O-O 7. cxd5 exd5 8. e3 c5 9. Bd3 b6 10. Ne2 Ba6 11. O-O Bxd3 12. Qxd3 Re8 13. Ng3 Nc6 14. Ra2 h5 15. Re2 h4 16. Nf5 h3 17. gxh3 Ne7 18. Ng3 Ng6 19. e4 cxd4 20. cxd4 dxe4 21. fxe4 Ne5 22. Qe3 Nc4 23. Qc3 Rc8 24. Bg5 Nd6 25. Qd3 Qd7 26. e5 1-0